[Event "Millionaire Chess (Rapid Tiebreaks A)"]
[Site "Las Vegas USA"]
[Date "2015.10.11"]
[EventDate "2015.10.11"]
[Round "4.2"]
[Result "1/2-1/2"]
[White "Wesley So"]
[Black "Luke McShane"]
[WhiteElo "2760"]
[BlackElo "2674"]
[PlyCount "191"]

1. Nf3 Nf6 2. c4 g6 3. Nc3 Bg7 4. g3 O-O 5. Bg2 d6 6. O-O e5
7. d4 Nbd7 8. h3 Re8 9. e4 exd4 10. Nxd4 a6 11. Re1 Rb8 12. a4
Ne5 13. b3 Nfd7 14. Be3 Nc5 15. Bf1 Nc6 16. Rb1 Nxe4 17. Nxe4
Rxe4 18. Nxc6 bxc6 19. Bg2 Re5 20. Bxc6 Bxh3 21. Ba7 Ra8
22. Rxe5 Bxe5 23. Bd4 Bxd4 24. Qxd4 Rb8 25. b4 Bd7 26. Bxd7
Qxd7 27. Qa7 Qc8 28. b5 Ra8 29. Qd4 Qe8 30. c5 dxc5 31. Qxc5
Qe4 32. Rc1 Qxa4 33. bxa6 Qxa6 34. Qxc7 Qf6 35. Qc6 Qd8
36. Kg2 h5 37. Qf3 Rb8 38. Ra1 Kg7 39. Ra7 Qe8 40. Qc3+ Kg8
41. Qf6 Qe4+ 42. Qf3 Qe8 43. Qf6 Rb5 44. Qf3 Kg7 45. Ra8 Qe1
46. Rc8 Re5 47. Rc7 Rf5 48. Qc3+ Qxc3 49. Rxc3 Kh6 50. Rc4 Kg5
51. Rd4 Ra5 52. Rf4 f6 53. Rb4 Rd5 54. Kh3 Kf5 55. Rf4+ Ke5
56. Ra4 Rd2 57. Kg2 Rd4 58. Ra5+ Ke6 59. Ra6+ Ke5 60. Ra5+ Rd5
61. Ra4 Kf5 62. Rf4+ Kg5 63. Ra4 Kh6 64. Rf4 Rd6 65. Ra4 g5
66. Ra5 Kg6 67. Ra8 Rd4 68. Rg8+ Kh7 69. Ra8 h4 70. gxh4 Rxh4
71. Kg3 Kg6 72. Rg8+ Kf5 73. Ra8 Rg4+ 74. Kf3 Rg1 75. Ra5+ Kg6
76. Ra8 Rb1 77. Kg2 Kh5 78. Ra6 f5 79. Ra5 Kg4 80. f3+ Kf4
81. Ra4+ Ke3 82. Ra3+ Kd4 83. Ra4+ Ke5 84. Ra5+ Kf6 85. Ra6+
Kf7 86. Kg3 Rb4 87. Rc6 Rh4 88. Rc5 Kg6 89. Rc6+ Kh5 90. Rf6
Rf4 91. Kg2 g4 92. fxg4+ Rxg4+ 93. Kf3 Kg5 94. Rf8 Rf4+
95. Kg3 Rg4+ 96. Kf3 1/2-1/2

[Event "Millionaire Chess (Rapid Tiebreaks A)"]
[Site "Las Vegas USA"]
[Date "2015.10.11"]
[EventDate "2015.10.11"]
[Round "5.1"]
[Result "0-1"]
[White "Aleksandr Shimanov"]
[Black "Wesley So"]
[WhiteElo "2593"]
[BlackElo "2760"]
[PlyCount "58"]

1. d4 Nf6 2. c4 e6 3. Nc3 Bb4 4. e3 O-O 5. Bd3 d5 6. cxd5 exd5
7. Ne2 Re8 8. Bd2 Bd6 9. Rc1 a6 10. O-O Nbd7 11. Ng3 b6
12. Nce2 c5 13. dxc5 bxc5 14. Bc3 Ne5 15. Bb1 Bb7 16. Nf4 d4
17. Bd2 Qb6 18. exd4 cxd4 19. Nd3 Nxd3 20. Bxd3 Bxg3 21. hxg3
Be4 22. Bxe4 Nxe4 23. b3 Rad8 24. Rc4 d3 25. Be3 Qa5 26. Bd4
d2 27. Qc2 Nxg3 28. fxg3 Re1 29. Ra4 Qb5 0-1

[Event "Tata Steel"]
[Site "Wijk aan Zee NED"]
[Date "2016.01.21"]
[EventDate "2016.01.15"]
[Round "5"]
[Result "1/2-1/2"]
[White "David Navara"]
[Black "Wesley So"]
[WhiteElo "2730"]
[BlackElo "2773"]
[PlyCount "92"]

1. Nf3 d5 2. d4 Nf6 3. c4 e6 4. Nc3 Bb4 5. Bg5 h6 6. Bxf6 Qxf6
7. Qa4+ Nc6 8. e3 O-O 9. Be2 dxc4 10. O-O Bd7 11. Bxc4 Bxc3
12. bxc3 Rfd8 13. Qa3 Qe7 14. Qxe7 Nxe7 15. Ne5 Be8 16. Rfb1
Rab8 17. a4 b6 18. a5 Nc6 19. Nxc6 Bxc6 20. f3 Kf8 21. Kf2 Ke7
22. Be2 f6 23. e4 b5 24. Ke3 Bd7 25. c4 bxc4 26. Bxc4 c5
27. dxc5 Rxb1 28. Rxb1 Rc8 29. Bb5 Rxc5 30. Bxd7 Kxd7 31. Rb8
Rxa5 32. Rb7+ Kd6 33. Rxg7 Rg5 34. Rxa7 Rxg2 35. Rf7 f5
36. exf5 Rxh2 37. Kf4 Rh4+ 38. Kg3 Rh5 39. Kg4 Rg5+ 40. Kf4
Rxf5+ 41. Rxf5 exf5 42. Kxf5 h5 43. Kg5 Ke6 44. f4 h4 45. Kxh4
Kf5 46. Kh5 Kxf4 1/2-1/2

[Event "Sinquefield Cup"]
[Site "Saint Louis USA"]
[Date "2016.08.09"]
[EventDate "2016.08.04"]
[Round "5"]
[Result "1/2-1/2"]
[White "Viswanathan Anand"]
[Black "Wesley So"]
[WhiteElo "2770"]
[BlackElo "2771"]
[PlyCount "60"]

1. e4 e5 2. Nf3 Nc6 3. Bc4 Bc5 4. O-O Nf6 5. d3 O-O 6. c3 d5
7. exd5 Nxd5 8. a4 Nb6 9. Bb5 Ne7 10. a5 c6 11. axb6 cxb5
12. Rxa7 Rxa7 13. bxa7 Bxa7 14. Nxe5 Bf5 15. Re1 Bb8 16. Na3
b4 17. cxb4 Qd5 18. Nec4 Bxd3 19. Rxe7 Bxc4 20. Qxd5 Bxd5
21. Rd7 Bc6 22. Rd1 Ba4 23. Rd3 Bc7 24. b3 Bc6 25. f3 Rd8
26. Rxd8+ Bxd8 27. b5 Bd7 28. Kf2 Be7 29. Ke2 Bxa3 30. Bxa3
Bxb5+ 1/2-1/2

[Event "Bilbao"]
[Site "Bilbao ESP"]
[Date "2016.07.19"]
[EventDate "2016.07.13"]
[Round "6.3"]
[Result "1/2-1/2"]
[White "Wesley So"]
[Black "Sergey Karjakin"]
[WhiteElo "2770"]
[BlackElo "2773"]
[PlyCount "93"]

1. d4 Nf6 2. c4 e6 3. Nc3 Bb4 4. e3 O-O 5. Ne2 d5 6. a3 Be7
7. cxd5 exd5 8. Nf4 Re8 9. Bd3 Bd6 10. O-O Bxf4 11. exf4 Nc6
12. Be3 Ne7 13. Qc2 g6 14. f3 h5 15. Qd2 Bf5 16. Be2 Qd7
17. Rfe1 Be6 18. Bf2 Nf5 19. Bd3 Nd6 20. Re5 c6 21. Rae1 Bf5
22. Bh4 Nh7 23. Be7 Bxd3 24. Bxd6 Bf5 25. Bb4 b6 26. a4 a5
27. Ba3 Re6 28. h3 Rae8 29. g4 Rxe5 30. fxe5 hxg4 31. hxg4
Bxg4 32. fxg4 Qxg4+ 33. Kf1 Ng5 34. Qg2 Qf5+ 35. Qf2 Nf3
36. Ke2 Nxe1 37. Qxf5 gxf5 38. Kxe1 f6 39. Bd6 Kf7 40. Ne2
fxe5 41. dxe5 Ke6 42. Kf2 Kd7 43. Nf4 Rg8 44. Ba3 Re8 45. Bd6
Rg8 46. Ba3 Re8 47. Bd6 1/2-1/2

[Event "Tata Steel"]
[Site "Wijk aan Zee NED"]
[Date "2016.01.26"]
[EventDate "2016.01.15"]
[Round "9"]
[Result "1/2-1/2"]
[White "Loek van Wely"]
[Black "Wesley So"]
[WhiteElo "2640"]
[BlackElo "2773"]
[PlyCount "50"]

1. Nf3 d5 2. d4 Nf6 3. c4 e6 4. Nc3 Bb4 5. cxd5 exd5 6. Bg5 h6
7. Bxf6 Qxf6 8. Qa4+ Nc6 9. e3 O-O 10. Be2 Be6 11. O-O a6
12. Rfc1 Bd6 13. a3 g5 14. Qd1 Rad8 15. Na4 Bc8 16. Nc5 Rfe8
17. Rc3 Ne7 18. Rac1 Nf5 19. Nd2 Re7 20. b4 Kg7 21. Nf1 Rh8
22. Bh5 c6 23. a4 Rc7 24. Nd2 Re8 25. h3 Qe7 1/2-1/2

[Event "Tata Steel"]
[Site "Wijk aan Zee NED"]
[Date "2016.01.27"]
[EventDate "2016.01.15"]
[Round "10"]
[Result "1/2-1/2"]
[White "Wesley So"]
[Black "Evgeny Tomashevsky"]
[WhiteElo "2773"]
[BlackElo "2728"]
[PlyCount "79"]

1. c4 Nf6 2. Nc3 e5 3. Nf3 Nc6 4. g3 Nd4 5. Bg2 Nxf3+ 6. Bxf3
Bb4 7. Qb3 Bc5 8. O-O O-O 9. Na4 Bd6 10. Rd1 Re8 11. d4 exd4
12. Rxd4 Be5 13. Rd1 Qe7 14. Nc3 h6 15. Nd5 Nxd5 16. cxd5 c5
17. Bd2 d6 18. Bc3 b6 19. Rd3 Bd7 20. Re3 Qf6 21. a4 Re7
22. Rxe5 Rxe5 23. Be4 Qe7 24. Bxe5 Qxe5 25. Bd3 Re8 26. Bc4
Qd4 27. Qc3 Qxc3 28. bxc3 Re4 29. Bb5 Bxb5 30. axb5 Rxe2
31. Rxa7 Rb2 32. c4 Rb4 33. Ra8+ Kh7 34. Ra6 Rxc4 35. Rxb6 Rb4
36. Kf1 Rb2 37. Ke1 c4 38. Rxd6 Rxb5 39. Rc6 Rxd5 40. Rxc4
1/2-1/2

[Event "Tata Steel"]
[Site "Wijk aan Zee NED"]
[Date "2016.01.29"]
[EventDate "2016.01.15"]
[Round "11"]
[Result "1/2-1/2"]
[White "Pavel Eljanov"]
[Black "Wesley So"]
[WhiteElo "2760"]
[BlackElo "2773"]
[PlyCount "120"]

1. d4 Nf6 2. c4 g6 3. Nc3 d5 4. Nf3 Bg7 5. Bf4 O-O 6. Rc1 dxc4
7. e4 c5 8. dxc5 Qa5 9. Nd2 Be6 10. Bxc4 Bxc4 11. Nxc4 Qxc5
12. b3 Nc6 13. Be3 Qh5 14. Qxh5 Nxh5 15. g4 Nf6 16. f3 Rfd8
17. Ke2 Nd4+ 18. Kf2 Nc6 19. a4 Kf8 20. h4 Rd3 21. e5 Nd5
22. Nxd5 Rxd5 23. f4 Rad8 24. Ke2 Ke8 25. Rhe1 f6 26. exf6
exf6 27. Red1 Rxd1 28. Rxd1 Rxd1 29. Kxd1 Kd7 30. f5 gxf5
31. gxf5 b6 32. Bf2 Ne7 33. a5 b5 34. Nd2 a6 35. Ne4 Nxf5
36. Nc5+ Kc6 37. Nxa6 Bf8 38. h5 Bd6 39. b4 Ng7 40. Bc5 Ne6
41. Be3 Kb7 42. Nc5+ Bxc5 43. bxc5 Ka6 44. Bd2 Nxc5 45. Ke2
Ne6 46. Kf3 f5 47. Be1 Kb7 48. Bd2 Kc7 49. Kg3 Kd6 50. Bb4+
Kd7 51. Kh4 Nc7 52. Kg5 Ke6 53. Bc3 Na6 54. h6 b4 55. Ba1 b3
56. Bb2 Nb4 57. Ba1 Na6 58. Bb2 Nc5 59. Ba1 Ne4+ 60. Kf4 Nc5
1/2-1/2

[Event "Tata Steel"]
[Site "Wijk aan Zee NED"]
[Date "2016.01.31"]
[EventDate "2016.01.15"]
[Round "13"]
[Result "1/2-1/2"]
[White "Michael Adams"]
[Black "Wesley So"]
[WhiteElo "2744"]
[BlackElo "2773"]
[PlyCount "65"]

1. e4 e5 2. Nf3 Nc6 3. Bb5 a6 4. Ba4 Nf6 5. O-O Nxe4 6. d4 b5
7. Bb3 d5 8. dxe5 Be6 9. Nbd2 Nc5 10. c3 Be7 11. Bc2 d4
12. Nb3 d3 13. Nxc5 dxc2 14. Qxd8+ Rxd8 15. Nxe6 fxe6 16. Be3
Rd5 17. Rfc1 Nxe5 18. Nxe5 Rxe5 19. Bd4 Rg5 20. Rxc2 Kf7
21. Be3 Rh5 22. a4 Rd8 23. axb5 axb5 24. g3 Bc5 25. Bxc5 Rxc5
26. Re2 Ke7 27. Kg2 Rcd5 28. Ra7 R8d7 29. h4 h6 30. Kf3 Rf5+
31. Kg2 Rfd5 32. Kf3 Rf5+ 33. Kg2 1/2-1/2

[Event "Ultimate Blitz Challenge"]
[Site "St. Louis, MO USA"]
[Date "2016.04.28"]
[EventDate "2016.04.28"]
[Round "7.2"]
[Result "0-1"]
[White "Garry Kasparov"]
[Black "Wesley So"]
[WhiteElo "2812"]
[BlackElo "2773"]
[PlyCount "82"]

1. e4 c5 2. Nf3 e6 3. b3 b6 4. Bd3 Bb7 5. O-O Nf6 6. e5 Nd5
7. Be4 Qc7 8. Re1 Be7 9. Bb2 b5 10. Na3 a6 11. c4 bxc4
12. Nxc4 O-O 13. d4 Nf4 14. Qd2 Bxe4 15. Rxe4 Nd5 16. dxc5
Qxc5 17. Rg4 Kh8 18. Ng5 Nc6 19. Ne4 Qa7 20. Rd1 a5 21. Nf6
Nxe5 22. Nxd5 Nxg4 23. Nxe7 f6 24. Nd6 a4 25. h3 Nh6 26. b4
Qb6 27. Rc1 a3 28. Ba1 Rab8 29. Rc4 Qd8 30. Nec8 Nf5 31. Qc2
Nxd6 32. Nxd6 Qe7 33. Qd3 e5 34. b5 Qe6 35. Qxa3 Qd5 36. Rc1
Ra8 37. Qb4 Rxa2 38. Bc3 h6 39. b6 Ra6 40. Rb1 Rb8 41. b7 Qxd6
0-1

[Event "Ultimate Blitz Challenge"]
[Site "St. Louis, MO USA"]
[Date "2016.04.28"]
[EventDate "2016.04.28"]
[Round "8.1"]
[Result "0-1"]
[White "Fabiano Caruana"]
[Black "Wesley So"]
[WhiteElo "2795"]
[BlackElo "2773"]
[PlyCount "123"]

1. Nf3 d5 2. g3 g6 3. Bg2 Bg7 4. O-O e5 5. d3 Ne7 6. e4 O-O
7. exd5 Nxd5 8. Re1 Nc6 9. Nc3 Nxc3 10. bxc3 Rb8 11. Rb1 b6
12. Nd2 Bb7 13. h4 Ne7 14. Bxb7 Rxb7 15. c4 Qd7 16. Qf3 Rbb8
17. Bb2 Nc6 18. h5 Rfe8 19. Ne4 Qf5 20. Qxf5 gxf5 21. Nc3 Nd4
22. Rec1 e4 23. Kg2 c6 24. dxe4 fxe4 25. Re1 f5 26. Ne2 Nf3
27. Red1 Rbd8 28. Bxg7 Kxg7 29. Nf4 Kf6 30. a4 Nd2 31. Rb4 c5
32. Nd5+ Ke5 33. Rxd2 cxb4 34. f4+ Ke6 35. Kf2 Rc8 36. Rd4
Red8 37. g4 fxg4 38. Rxe4+ Kd6 39. Nxb4 Rc5 40. Rd4+ Ke7
41. Nd5+ Kf7 42. Kg3 Ra5 43. Re4 Rd7 44. Kxg4 Rxa4 45. Kf5 Ra5
46. Re6 Rc5 47. Rf6+ Ke8 48. Re6+ Kf7 49. Rf6+ Ke8 50. Re6+
Kf8 51. Kg5 Kg7 52. h6+ Kf8 53. f5 Rxc4 54. Nf6 Rd2 55. Nxh7+
Kf7 56. Nf6 Rg2+ 57. Kh5 Rh2+ 58. Kg5 Rg2+ 59. Kh5 Rc5 60. h7
Rxf5+ 61. Kh4 Rh2+ 62. Kg4 0-1

[Event "YourNextMove Rapid"]
[Site "Leuven BEL"]
[Date "2016.06.17"]
[EventDate "2016.06.17"]
[Round "2"]
[Result "1/2-1/2"]
[White "Wesley So"]
[Black "Vladimir Kramnik"]
[WhiteElo "2770"]
[BlackElo "2812"]
[PlyCount "97"]

1. c4 e6 2. Nc3 d5 3. d4 Nf6 4. Bg5 Be7 5. e3 Nbd7 6. Nf3 h6
7. Bh4 O-O 8. Qc2 c5 9. Rd1 Qa5 10. cxd5 Nxd5 11. Bxe7 Nxe7
12. Be2 Nf6 13. O-O cxd4 14. Rxd4 Nc6 15. Rd2 Bd7 16. Rfd1
Rfd8 17. Qb3 Rab8 18. a3 a6 19. Bd3 Be8 20. Bb1 Rxd2 21. Nxd2
Ne5 22. Nc4 Nxc4 23. Qxc4 Bc6 24. Qd4 Rc8 25. h3 Qh5 26. Rd2
Qg5 27. f3 e5 28. Qd3 e4 29. fxe4 Re8 30. Qd4 Nd7 31. Rf2 Ne5
32. Ba2 Rd8 33. Nd5 Bxd5 34. exd5 Rd6 35. Bb1 g6 36. Be4 Qe7
37. Bf3 Rd8 38. Bg4 Qc7 39. Rf1 h5 40. Be2 Qd6 41. e4 Rc8
42. Bd3 Kg7 43. Qe3 b5 44. Kh1 Rc7 45. Qf4 f6 46. Qd2 Qc5
47. Bb1 g5 48. Qe2 h4 49. Bd3 1/2-1/2

[Event "YourNextMove Rapid"]
[Site "Leuven BEL"]
[Date "2016.06.17"]
[EventDate "2016.06.17"]
[Round "4"]
[Result "1/2-1/2"]
[White "Wesley So"]
[Black "Levon Aronian"]
[WhiteElo "2770"]
[BlackElo "2792"]
[PlyCount "81"]

1. d4 Nf6 2. c4 e6 3. Nc3 Bb4 4. Qc2 O-O 5. Nf3 d5 6. Bg5 h6
7. Bxf6 Qxf6 8. a3 Bxc3+ 9. Qxc3 dxc4 10. Qxc4 Bd7 11. e3 Rc8
12. Qb4 Bc6 13. Be2 Bd5 14. Rc1 Nd7 15. O-O a5 16. Qa4 c6
17. Nd2 Qg5 18. Bf3 Bxf3 19. Nxf3 Qb5 20. Qxb5 cxb5 21. Rfd1
b4 22. axb4 axb4 23. Kf1 Rxc1 24. Rxc1 Ra2 25. Rb1 Nb6 26. Ne5
b3 27. Ke1 f6 28. Nd3 Nc4 29. Nc1 Rxb2 30. Rxb2 Nxb2 31. Nxb3
b6 32. Kd2 Kf7 33. Kc2 Nc4 34. Kd3 Nd6 35. e4 Ke7 36. e5 fxe5
37. dxe5 Nf5 38. g4 Nh4 39. Ke4 g5 40. f4 gxf4 41. Kxf4
1/2-1/2

[Event "YourNextMove Rapid"]
[Site "Leuven BEL"]
[Date "2016.06.17"]
[EventDate "2016.06.17"]
[Round "5"]
[Result "0-1"]
[White "Fabiano Caruana"]
[Black "Wesley So"]
[WhiteElo "2804"]
[BlackElo "2770"]
[PlyCount "100"]

1. Nf3 d5 2. c4 c6 3. Qb3 Nf6 4. g3 g6 5. Bg2 Bg7 6. O-O O-O
7. d3 Re8 8. Bf4 d4 9. Nbd2 Nbd7 10. Bg5 h6 11. Bxf6 Nxf6
12. c5 Nd5 13. Qa4 Nc7 14. Nb3 e5 15. Nfd2 Bd7 16. Na5 Rb8
17. Rac1 Ne6 18. b4 Nc7 19. Ne4 Bf8 20. Qc2 Nd5 21. Qd2 Bf5
22. e3 Bxe4 23. dxe4 Nc3 24. Nb3 Bg7 25. exd4 exd4 26. Rfe1
Qe7 27. f4 Rbd8 28. e5 f6 29. Na5 fxe5 30. fxe5 Kh7 31. h4
Bxe5 32. Nc4 Qg7 33. Nxe5 Rxe5 34. Rxe5 Qxe5 35. Re1 Qf6
36. Qd3 Kg7 37. Kh2 Nxa2 38. Ra1 Nxb4 39. Qb3 a5 40. Rxa5 d3
41. Ra7 d2 42. Rxb7+ Kf8 43. Qe3 d1=Q 44. Qxh6+ Ke8 45. Rxb4
Qd2 46. Re4+ Kf7 47. Qh7+ Kf8 48. Qc7 Qxg2+ 49. Kxg2 Rd2+
50. Kh3 Qf1+ 0-1

[Event "YourNextMove Rapid"]
[Site "Leuven BEL"]
[Date "2016.06.18"]
[EventDate "2016.06.17"]
[Round "7"]
[Result "0-1"]
[White "Veselin Topalov"]
[Black "Wesley So"]
[WhiteElo "2761"]
[BlackElo "2770"]
[PlyCount "56"]

1. c4 g6 2. e4 e5 3. d4 Nf6 4. dxe5 Nxe4 5. Qd4 Nc5 6. Nc3 Ne6
7. Qe4 Bg7 8. Be3 Nc6 9. f4 O-O 10. O-O-O d6 11. c5 Ne7
12. cxd6 cxd6 13. Rxd6 Qc7 14. g4 Nc5 15. Qc4 b6 16. Bxc5 bxc5
17. h3 Rb8 18. Qe2 Rb4 19. Qd2 Rd4 20. Rxd4 cxd4 21. Qxd4 Rd8
22. Qf2 Nd5 23. Nge2 Nb4 24. Kb1 Nd3 25. Qh4 Bb7 26. Rh2 Rb8
27. b3 Nxf4 28. Nxf4 Qxc3 0-1

[Event "YourNextMove Rapid"]
[Site "Leuven BEL"]
[Date "2016.06.18"]
[EventDate "2016.06.17"]
[Round "8"]
[Result "1/2-1/2"]
[White "Wesley So"]
[Black "Anish Giri"]
[WhiteElo "2770"]
[BlackElo "2782"]
[PlyCount "45"]

1. Nf3 d5 2. d4 Nf6 3. c4 e6 4. Nc3 c6 5. e3 Nbd7 6. Qc2 Bd6
7. Bd3 O-O 8. O-O dxc4 9. Bxc4 b5 10. Bd3 Bb7 11. a3 Rc8
12. b4 a5 13. Rb1 c5 14. bxc5 Bxf3 15. gxf3 Nxc5 16. dxc5 Rxc5
17. Rxb5 Nd5 18. Rxc5 Qg5+ 19. Kh1 Qh5 20. f4 Qf3+ 21. Kg1
Qg4+ 22. Kh1 Qf3+ 23. Kg1 1/2-1/2

[Event "YourNextMove Rapid"]
[Site "Leuven BEL"]
[Date "2016.06.18"]
[EventDate "2016.06.17"]
[Round "9"]
[Result "1/2-1/2"]
[White "Viswanathan Anand"]
[Black "Wesley So"]
[WhiteElo "2770"]
[BlackElo "2770"]
[PlyCount "34"]

1. e4 e5 2. Nf3 Nc6 3. Bb5 Nf6 4. d3 Bc5 5. Bxc6 dxc6 6. Nbd2
O-O 7. Nc4 Re8 8. Qe2 b5 9. Ne3 a5 10. O-O Nh5 11. g3 Bh3
12. Rd1 Qf6 13. Nh4 Nf4 14. Qf3 Bxe3 15. fxe3 Bg2 16. Qg4 Bh3
17. Qf3 Bg2 1/2-1/2

[Event "YourNextMove Blitz"]
[Site "Leuven BEL"]
[Date "2016.06.19"]
[EventDate "2016.06.19"]
[Round "2.2"]
[Result "1-0"]
[White "Wesley So"]
[Black "Fabiano Caruana"]
[WhiteElo "2770"]
[BlackElo "2804"]
[PlyCount "147"]

1. c4 c5 2. Nf3 Nf6 3. Nc3 Nc6 4. e3 e6 5. d4 d5 6. a3 a6
7. dxc5 Bxc5 8. b4 Ba7 9. Bb2 O-O 10. Qc2 Bd7 11. Rd1 Rc8
12. cxd5 exd5 13. Be2 d4 14. exd4 Bg4 15. d5 Ne7 16. Qb1 Bf5
17. Bd3 Bg4 18. Be2 Bf5 19. Qa1 Ng6 20. Nd4 Bg4 21. O-O Nf4
22. Bxg4 Nxg4 23. Nf3 Qd6 24. Rd2 Rfe8 25. Kh1 Bb8 26. g3 Qh6
27. Qb1 Qh3 28. Rg1 Re5 29. Qf1 Qh6 30. gxf4 Nxh2 31. Nxh2 Rh5
32. Qg2 Bxf4 33. Qxg7+ Qxg7 34. Rxg7+ Kxg7 35. Ne2+ Be5
36. Ng3 Rg5 37. Nf3 Bxb2 38. Nxg5 Bxa3 39. Rd4 Kf6 40. Nf3 Rd8
41. Kg2 b6 42. Ne4+ Kf5 43. Ned2 a5 44. bxa5 bxa5 45. Nc4 Bc5
46. Ne3+ Kf6 47. Rf4+ Ke7 48. Nf5+ Kf8 49. Nh6 Kg7 50. Nf5+
Kf8 51. Nh6 Kg7 52. Nxf7 Rxd5 53. N7e5 Bd6 54. Rg4+ Kf6
55. Nc6 h5 56. Ra4 Bc7 57. Ncd4 Bb6 58. Kf1 Ke7 59. Ke2 Kd6
60. Kd3 Ke7 61. Ke4 Rc5 62. Ne5 h4 63. Ng6+ Kf6 64. Nxh4 Re5+
65. Kd3 Re1 66. Nhf3 Rd1+ 67. Ke2 Rb1 68. Rc4 Rb2+ 69. Ke3 Ke7
70. Ne5 Kd6 71. Ke4 a4 72. Rxa4 Rxf2 73. Nc4+ Kc5 74. Ne5 1-0

[Event "YourNextMove Blitz"]
[Site "Leuven BEL"]
[Date "2016.06.19"]
[EventDate "2016.06.19"]
[Round "3.5"]
[Result "1/2-1/2"]
[White "Anish Giri"]
[Black "Wesley So"]
[WhiteElo "2782"]
[BlackElo "2770"]
[PlyCount "114"]

1. e4 e5 2. Nf3 Nc6 3. Bb5 Nf6 4. d3 Bc5 5. Bxc6 dxc6 6. Nbd2
O-O 7. Qe2 Re8 8. Nc4 Nd7 9. Bd2 Bd6 10. O-O-O Nf8 11. Ne3 Be6
12. Kb1 Qd7 13. Ng5 f6 14. Nxe6 Nxe6 15. Nf5 g6 16. Nxd6 cxd6
17. g3 Nd4 18. Qf1 Qg4 19. Be3 Qf3 20. h4 d5 21. exd5 Qxd5
22. h5 g5 23. h6 Rad8 24. Bxd4 exd4 25. f4 Re3 26. fxg5 Qxg5
27. g4 Rde8 28. Rh2 Kf7 29. a3 Qxg4 30. Rc1 Rf3 31. Qh1 Ree3
32. Rh4 Qd7 33. Rg1 Rg3 34. Rf4 Qh3 35. Rxd4 Qxh1 36. Rxh1 Ke7
37. a4 Re2 38. Rb4 b6 39. Rc4 c5 40. b4 Re5 41. a5 Rg6 42. Kb2
Kd6 43. axb6 axb6 44. bxc5+ Rxc5 45. Rb4 b5 46. Rf4 f5 47. Rh5
Rg2 48. Rhxf5 Rgxc2+ 49. Kb3 R2c3+ 50. Kb4 Rxf5 51. Rxf5 Rxd3
52. Rf7 Ke6 53. Rxh7 Rh3 54. Rb7 Kf5 55. h7 Kg6 56. Kxb5 Rxh7
57. Rxh7 Kxh7 1/2-1/2

[Event "YourNextMove Blitz"]
[Site "Leuven BEL"]
[Date "2016.06.19"]
[EventDate "2016.06.19"]
[Round "4.1"]
[Result "1/2-1/2"]
[White "Viswanathan Anand"]
[Black "Wesley So"]
[WhiteElo "2770"]
[BlackElo "2770"]
[PlyCount "97"]

1. e4 e5 2. Nf3 Nc6 3. Bc4 Bc5 4. c3 Nf6 5. d3 O-O 6. O-O d5
7. exd5 Nxd5 8. a4 a5 9. Nbd2 Nb6 10. Bb5 Bd6 11. Ne4 Bg4
12. h3 Bh5 13. Re1 Ne7 14. d4 exd4 15. g4 Bg6 16. Nxd6 Qxd6
17. Qxd4 Ned5 18. Bg5 f6 19. Bh4 Qf4 20. Qxf4 Nxf4 21. Bg3
Nxh3+ 22. Kg2 c6 23. Kxh3 cxb5 24. axb5 a4 25. Nd4 Nc4 26. Ra2
Bf7 27. Re7 Bd5 28. Ne6 Rf7 29. Rxf7 Kxf7 30. Nc7 Rd8 31. Rxa4
Nb6 32. Rd4 Ke7 33. Nxd5+ Rxd5 34. Re4+ Kd7 35. c4 Rd3 36. b4
Na4 37. Kg2 Nc3 38. Re3 Rxe3 39. fxe3 Ne4 40. c5 Nc3 41. b6
Kc6 42. Kf3 Nd5 43. Be1 Kb5 44. e4 Ne7 45. Ke3 Kc4 46. Kf4 Kd4
47. Bf2+ Kc4 48. Be1 Kd4 49. Bf2+ 1/2-1/2

[Event "YourNextMove Blitz"]
[Site "Leuven BEL"]
[Date "2016.06.19"]
[EventDate "2016.06.19"]
[Round "6.2"]
[Result "1-0"]
[White "Levon Aronian"]
[Black "Wesley So"]
[WhiteElo "2792"]
[BlackElo "2770"]
[PlyCount "43"]

1. Nf3 d5 2. c4 c6 3. g3 Nf6 4. Bg2 dxc4 5. O-O Nbd7 6. Qc2
Nb6 7. Na3 Be6 8. Ne5 h5 9. Naxc4 Nxc4 10. Nxc4 h4 11. Ne5
hxg3 12. hxg3 Rc8 13. d4 Bd5 14. e4 Bxe4 15. Bxe4 Qxd4
16. Nxf7 Kxf7 17. Bg6+ Kg8 18. Rd1 Qe5 19. Bf4 Qa5 20. Bf5 g5
21. Bxc8 Kg7 22. Be3 1-0

[Event "YourNextMove Blitz"]
[Site "Leuven BEL"]
[Date "2016.06.19"]
[EventDate "2016.06.19"]
[Round "7.4"]
[Result "1-0"]
[White "Wesley So"]
[Black "Veselin Topalov"]
[WhiteElo "2770"]
[BlackElo "2761"]
[PlyCount "76"]

1. e4 c5 2. Nf3 d6 3. d4 cxd4 4. Nxd4 Nf6 5. f3 e5 6. Nb3 Be6
7. c4 Nbd7 8. Be3 Rc8 9. Nc3 Bxc4 10. Bxc4 Rxc4 11. Qd3 Rc6
12. O-O-O Be7 13. g4 O-O 14. Kb1 a6 15. h4 Nc5 16. Nxc5 dxc5
17. Qxd8 Rxd8 18. Rxd8+ Bxd8 19. Rd1 Bc7 20. g5 Ne8 21. Rd7
Rd6 22. Re7 Kf8 23. Rxe5 b6 24. Kc2 g6 25. a4 Rc6 26. Rd5 Bd6
27. Rd1 Nc7 28. a5 Be7 29. axb6 Rxb6 30. b3 Ke8 31. Ra1 Kd7
32. Na4 Rb5 33. Nb2 Ke8 34. Nc4 Kd7 35. Bf4 Ne6 36. Be5 Nd4+
37. Bxd4 cxd4 38. Rxa6 Bc5 1-0

[Event "YourNextMove Blitz"]
[Site "Leuven BEL"]
[Date "2016.06.20"]
[EventDate "2016.06.19"]
[Round "10.4"]
[Result "0-1"]
[White "Wesley So"]
[Black "Vladimir Kramnik"]
[WhiteElo "2770"]
[BlackElo "2812"]
[PlyCount "82"]

1. c4 e6 2. g3 d5 3. Bg2 Nf6 4. Nf3 Be7 5. O-O O-O 6. d4 dxc4
7. Ne5 Nc6 8. Bxc6 bxc6 9. Nxc6 Qe8 10. Nxe7+ Qxe7 11. Qc2 c5
12. Qxc4 cxd4 13. Qxd4 e5 14. Qh4 Qb7 15. Nc3 Be6 16. Bg5 Ng4
17. h3 Qxb2 18. Rfc1 h6 19. hxg4 hxg5 20. Qxg5 f6 21. Qe3 Bxg4
22. Rab1 Qa3 23. Rb3 Qa5 24. Qe4 Be6 25. Rb5 Qa3 26. Qb1 Rac8
27. Qb2 Qxb2 28. Rxb2 Rc5 29. Rb5 Rc6 30. Ra5 Rfc8 31. Ra3 e4
32. Kf1 e3 33. fxe3 Rc4 34. Ke1 R8c7 35. Kd2 Rd7+ 36. Ke1 Rdc7
37. Kd2 Kf7 38. Rb1 Rg4 39. Nb5 Rd7+ 40. Nd4 Rxg3 41. Rb5
Rxd4+ 0-1

[Event "YourNextMove Blitz"]
[Site "Leuven BEL"]
[Date "2016.06.20"]
[EventDate "2016.06.19"]
[Round "11.2"]
[Result "1/2-1/2"]
[White "Fabiano Caruana"]
[Black "Wesley So"]
[WhiteElo "2804"]
[BlackElo "2770"]
[PlyCount "123"]

1. Nf3 Nf6 2. b3 b6 3. Bb2 Bb7 4. g3 g6 5. Bg2 Bg7 6. O-O O-O
7. d4 c5 8. dxc5 bxc5 9. c4 d6 10. Nc3 Nbd7 11. Qc2 Rb8
12. Rad1 Ne4 13. Nxe4 Bxe4 14. Qxe4 Bxb2 15. Ne1 Bg7 16. Qc2
Ne5 17. Nd3 Nxd3 18. Rxd3 a5 19. h4 a4 20. h5 Qd7 21. Bd5 Qf5
22. hxg6 hxg6 23. Rb1 a3 24. Kg2 Bd4 25. e3 Bf6 26. Qe2 Kg7
27. Rh1 Rh8 28. Rdd1 Qe5 29. Rb1 Rxh1 30. Rxh1 Qb2 31. Bf3
Rxb3 32. axb3 Qxb3 33. Bd5 a2 34. Qf3 Qb2 35. Qf4 e6 36. Qh6+
Kg8 37. Bxe6 fxe6 38. Qxg6+ Kf8 39. Qh6+ Ke7 40. Qh7+ Bg7
41. Qh4+ Qf6 42. Qe4 a1=Q 43. Qb7+ Kf8 44. Qb8+ Kf7 45. Rxa1
Qxa1 46. Qxd6 Qe5 47. Qd7+ Kf6 48. Qd8+ Kf7 49. Qd7+ Kg6
50. Qe8+ Kh6 51. Qc6 Bf6 52. Qf3 Qf5 53. Qc6 Qe5 54. Qf3 Qf5
55. Qc6 Bc3 56. Qa8 Kh7 57. Qb7+ Kg6 58. Qa8 Qf7 59. Qe4+ Qf5
60. Qa8 Kf7 61. Qb7+ Kf6 62. Qa8 1/2-1/2

[Event "YourNextMove Blitz"]
[Site "Leuven BEL"]
[Date "2016.06.20"]
[EventDate "2016.06.19"]
[Round "12.5"]
[Result "1/2-1/2"]
[White "Wesley So"]
[Black "Anish Giri"]
[WhiteElo "2770"]
[BlackElo "2782"]
[PlyCount "89"]

1. Nf3 d5 2. b3 Nf6 3. Bb2 e6 4. c4 c5 5. e3 Nc6 6. cxd5 exd5
7. Bb5 Bd6 8. O-O O-O 9. d4 cxd4 10. Nxd4 Qb6 11. Be2 Be5
12. Bf3 Re8 13. Na3 Nxd4 14. Bxd4 Bxd4 15. Qxd4 Qxd4 16. exd4
Bd7 17. Nc2 Ne4 18. Rfe1 a5 19. Ne3 Bc6 20. Rac1 Kf8 21. Rc2
Rad8 22. Rec1 Ng5 23. Be2 Ne6 24. Rd1 g6 25. g3 f5 26. Kf1 Kg7
27. Ng2 g5 28. Ne1 g4 29. Ng2 h5 30. f3 Rd7 31. Nh4 Rf7 32. f4
Kf6 33. Kf2 Rfe7 34. Rcd2 Nxd4 35. Bf1 Ne6 36. Bd3 Ng7 37. Bf1
Ne6 38. Bd3 Nd4 39. Bf1 Nb5 40. Nxf5 Kxf5 41. Bxb5 Kf6 42. Bf1
Re3 43. Rd3 R3e7 44. R3d2 Re3 45. Rd3 1/2-1/2